| 000 | 01007nam a2200277 a 4500 | ||
|---|---|---|---|
| 001 | 000042581 | ||
| 003 | DO-SdBNP | ||
| 005 | 20251211102904.0 | ||
| 008 | 140128s2013 dr ad r 000 0 spa d | ||
| 020 | _a9789945452600 | ||
| 040 |
_aDO-SdBNP _bspa _cBNPHU |
||
| 082 |
_a372.7 _bP579e |
||
| 100 | 1 |
_aPiña del Rosario, Marcelina _969831 |
|
| 245 | 1 | 0 |
_aEducación matemática para el fortalecimiento de la democracia y el respeto a los derecho humanos / _cMarcelina Piña del Rosario. |
| 260 |
_aSanto Domingo : _bEl Nuevo Diario, _c2013. |
||
| 300 |
_a130 p. : _bil., gráfcs. ; _c24 cm. |
||
| 500 | _aIncluye datos biográficos de la autora en la solapa de la cubierta. | ||
| 504 | _aBibliografía : p. 127-130 | ||
| 590 | _aInventariado, 2018/BT | ||
| 650 | 4 |
_aMatemáticas _xEnseñanza _926423 |
|
| 650 | 4 |
_aValores sociales _xEnseñanza _969832 |
|
| 650 | 0 |
_aDemocracia _xEnseñanza _9286 |
|
| 650 | 0 |
_aDerechos humanos _9658 |
|
| 910 | _aValidado. Control de calidad. EMS | ||
| 942 |
_2ddc _cLBS1 |
||
| 999 |
_c42070 _d42070 |
||